Państwa produkujące najwięcej ogórków - Statystyki

Ogólne statystyki
  • Ten quiz został rozwiązany 133 razy
  • Średni wynik to 6 z 10
Statystyki odpowiedzi
Tony w tysiącach Państwo % Poprawnych
701 Stany Zjednoczone
94%
56240 Chiny
91%
1604 Rosja
86%
644 Hiszpania
66%
551 Japonia
65%
1072 Meksyk
63%
985 Ukraina
57%
1848 Turcja
54%
2284 Iran
28%
857 Uzbekistan
9%
Nie znaleziono quizów pasujących do podanych kryteriów
Rozkład punktacji
Procent ludzi z każdym wynikiem
Percentyl według liczby udzielonych odpowiedzi
Twoja historia wyników
Nie rozwiązałeś tego quizu